[Event "?"]
[Site "Ciego de Avila"]
[Date "2010.01.13"]
[Round "2"]
[White "Quesada Perez, Yuniesky"]
[Black "Bruzon Batista, Lazaro"]
[Result "1/2-1/2"]
[WhiteElo "2565"]
[BlackElo "2615"]
[PlyCount "209"]
[EventDate "2010.01.12"]
[EventCountry "CUB"]

1. e4 {Stohl Caruana} c5 2. Nf3 e6 3. d4 cxd4 4. Nxd4 a6 ({RR} 4... Nc6) 5. Bd3
({RR} 5. Nc3 b5 6. Bd3 d6 7. O-O Nf6 8. Qe2 Bb7 ({RR} 8... Be7 9. a4 b4 10. Na2
e5 11. Nf5 Bxf5 12. exf5 a5 13. Bb5+ Nbd7 14. Bg5 O-O 15. c3 bxc3 16. Nxc3 h6
17. Bh4 Nc5 18. Rad1 Nb3 19. Bxf6 Bxf6 20. Nd5 Nd4 21. Qd3 Rc8 22. Rc1 Bg5 23.
Rc3) 9. a4 b4 10. Na2 d5 11. e5 Ne4 12. c3 Nd7 13. f3 Nec5 14. Nxb4 a5 15. Nbc6
Bxc6 ({RR} 15... Qb6 16. Bb5 Nb3 17. Be3) 16. Nxc6 Qb6 17. Bb5 Nb3+ ({RR} 17...
Rc8 18. Be3 Rxc6 19. b4 Rc7 20. Rab1) 18. Be3 Bc5 19. Rae1 Rc8) 5... Bc5 ({RR} 
5... Nf6) ({RR} 5... Qc7) ({RR} 5... Nc6) 6. Nb3 Be7 ({RR} 6... Ba7 7. Nc3 ({RR
} 7. O-O Nc6 8. Nc3 Nf6 9. Qe2 d6 10. Be3 b5 11. Bxa7 Rxa7 12. Qe3 O-O 13. Rfd1
Rd7 14. h3 Bb7 15. a4 b4 16. Ne2 Qc7 17. a5 Rc8 18. Ned4 Ne5 19. Qe2 Nc4) ({RR
} 7. c4 Nc6 8. Nc3 d6 9. O-O Nge7 10. Qe2 ({RR} 10. Re1 O-O 11. Be3 e5 12. Nd5
a5 13. Rc1 a4 14. Bxa7 Rxa7 15. Nd2 Nd4 16. Qh5 Ne6 17. Rc3 Nc5 18. Bc2 Nxd5
19. exd5 g6 20. Qh6 f5) 10... e5 11. Be3 Nd4 12. Bxd4 exd4 13. Nd5 O-O 14. Rad1
Nc6 15. Kh1 Be6 16. f4 Re8 17. Qh5 g6 18. Qh6 Bxd5 19. exd5 Nb4 20. f5 Qe7 21.
f6) 7... Nc6 8. Qe2 d6 9. Be3 Bxe3 10. Qxe3 Nf6 11. g4 b5 12. O-O-O O-O 13. g5
Ne8 14. f4 b4 15. Ne2 a5 16. Nbd4 Nxd4 17. Nxd4 Qb6 18. e5 Bb7 19. Rhf1 dxe5
20. fxe5 Rd8 ({RR} 20... g6 21. Nf5) 21. Bxh7+) 7. Be3 ({RR} 7. Qg4 g6 ({RR} 
7... Nf6 8. Qxg7 Rg8 9. Qh6 Nc6 10. Nc3 ({RR} 10. O-O Ne5 11. Nc3 b5 12. f3 b4
13. Nd1 d5 14. Qe3 Bb7 15. Nf2 Qc7 16. Qe2 Bd6 17. f4 Nxd3 18. cxd3 dxe4 19.
dxe4 Bxf4 20. Bxf4 Qxf4 21. Nc5 Qg5 22. Nfd3) 10... Rxg2 11. Qh3 Rg8 12. Bd2 d5
13. exd5 exd5 14. Qf1 Be6 15. O-O-O Qc7 16. Ne2 O-O-O 17. Ned4 Nxd4 18. Nxd4
Bc5 19. Nxe6 fxe6 20. f3) 8. Qe2 d6 9. O-O ({RR} 9. a4 Nf6 ({RR} 9... Nc6 10.
a5 Nf6 11. Nc3 O-O 12. O-O Re8 13. Be3 Bf8 14. Na4 Bg7 15. Nb6 Rb8 16. c3 Bd7
17. Rfd1 Ne5 18. Bc2 Qc7 19. h3 Bb5 20. Qd2 d5 21. exd5 Nxd5 22. Nxd5 exd5 23.
Bf4 Rbd8 24. Nd4) 10. Nc3 Nbd7 11. a5 Ne5 12. Na4 Nxd3+ 13. cxd3 e5 14. Nb6 Rb8
15. Nxc8 Rxc8 16. Bh6 Nh5 17. g3 Bg5 18. Bxg5 Qxg5 19. h4 Qe7 20. O-O O-O 21.
Rac1 Ng7) 9... Nd7 ({RR} 9... Qc7 10. a4 b6 11. a5 b5 12. c4 bxc4 13. Bxc4 Nc6
14. Bf4 Nf6 15. Rc1 O-O 16. Nc3 Qb7 17. Na4 d5 18. Bd3 dxe4 19. Bxe4 Nxe4 20.
Qxe4) 10. Nc3 Qc7 11. Bd2 b6 12. Rae1 Bb7 13. Kh1 ({RR} 13. f4 h5 14. f5 gxf5
15. exf5 e5 16. Be4 Ngf6 17. Bxb7 Qxb7 18. Nd4 b5 19. Nf3 Rc8 20. b4 Rg8 21. a4
bxa4 22. Ra1 Nb6 23. b5 axb5 24. Qxb5+ Qc6 25. Rfb1 Nfd7 26. Qxc6 Rxc6 27. Nxa4
Nc4) 13... h5 14. Nd4 Ngf6 ({RR} 14... h4 15. h3 Ngf6 16. Bg5 Ne5 17. Qe3 Nh5
18. Bxe7 Qxe7 19. Be2 Rc8 20. Nf3 Nd7 21. Rd1 e5 22. Qd2 Nf4 23. Rfe1 Rc6 24.
Bf1 Kf8 25. Nd5 Nxd5 26. exd5) 15. h3 b5 16. a3 Ne5 17. Bg5 h4 18. Qe3 Nh5 ({RR
} 18... Rh5 19. f4 Rxg5 20. fxg5 Nh5 21. Nce2 d5 22. exd5 Bxd5 23. Be4) 19.
Bxe7 Qxe7 20. Be2) 7... Nf6 ({RR} 7... d6 8. N1d2 ({RR} 8. f4 Nf6 9. g4 e5 10.
f5 h5 11. gxh5 d5) 8... Nf6 9. f4 ({RR} 9. a4 Nbd7 10. a5 d5 11. O-O O-O 12.
Re1 ({RR} 12. Qe2 Qc7 13. c4 dxe4 14. Nxe4 Nxe4 15. Bxe4 f5 16. Bf3 Ne5 17.
Rac1 Bf6 18. Bb6 Nxf3+ 19. Qxf3 Qf7 20. Qe2 e5 21. Rfd1 Bd7 22. Nc5 Bc6 23. b4
Bg5) 12... dxe4 ({RR} 12... Qc7) 13. Nxe4 Nd5 14. Bd2 ({RR} 14. Bd4 Qc7 15. Ra4
e5 16. Nc3 Nb4 17. Be3 Nf6 18. Bb6 Qb8 19. Nc5 Bg4 20. f3 Nxd3 21. Qxd3 Bxc5+
22. Bxc5 Rd8 23. Qe2 Bd7 24. Rc4 Re8 25. Ne4) 14... Qc7 ({RR} 14... Ne5 15. Bf1
Ng6 16. g3 Bd7 17. h4 Qc7 18. h5 Ne5 19. h6)) 9... b6 ({RR} 9... b5 10. a4) ({
RR} 9... Nbd7 10. g4 ({RR} 10. Qe2 e5) 10... Nc5 ({RR} 10... e5 11. g5 exf4 12.
Bd4) 11. Nxc5 dxc5 12. g5 Nd7 13. e5 b5) ({RR} 9... e5 10. Nc4 ({RR} 10. fxe5
Ng4) ({RR} 10. f5 d5) 10... Nbd7) 10. Qe2 Bb7 11. O-O-O Qc7 ({RR} 11... e5 12.
g4 ({RR} 12. Nc4 Nbd7) ({RR} 12. f5) 12... exf4 13. Bxf4 Nc6 14. g5 Nd7 15. h4)
({RR} 11... Nbd7 12. g4 Nc5 13. Nxc5 ({RR} 13. Bd4) 13... bxc5 14. g5 Nd7) 12.
g4 Nfd7 13. Kb1 ({RR} 13. c3) 13... Nc6 ({RR} 13... Nc5) 14. c3 b5 15. Rhf1 ({
RR} 15. g5) 15... e5 ({RR} 15... O-O-O 16. Nd4) ({RR} 15... b4 16. Rc1 a5 17.
Nd4 O-O) ({RR} 15... Nc5 16. Bc2 Nxb3 17. Nxb3) 16. f5 h6 17. Qf2 Rc8 ({RR} 
17... Nf6 18. Rg1 d5 19. Bb6 ({RR} 19. h4) 19... Qc8 20. exd5 Nxd5 21. Be4) ({
RR} 17... Qd8 18. Nf3) 18. h4 b4 19. Rc1 bxc3 ({RR} 19... Qd8 20. f6 gxf6 21.
Bc4) 20. Rxc3 Qd8 21. f6 ({RR} 21. g5 hxg5 22. hxg5 Bxg5 ({RR} 22... Nb4 23.
Rxc8 Qxc8 ({RR} 23... Bxc8 24. f6 gxf6 25. Bc4) 24. Qe2) 23. Nc4 Be7 24. Qg2)
21... gxf6 ({RR} 21... Nxf6 22. g5) 22. a3 {
Anand,V (2766)-Markowski,T (2610)/Germany 2003/CBM 097 ext/[Stohl]/1-0 (43)} {
RR} Na5 23. Nxa5 Qxa5 24. Rxc8+ Bxc8 25. Nc4 ({RR} 25. Bc4)) 8. N1d2 Nc6 9. Nc4
$146 ({RR} 9. f4 d6 ({RR} 9... e5 10. f5 d5 11. Qf3) ({RR} 9... Qc7 10. Qe2 b6
11. O-O-O Nb4 12. Kb1 Bb7 13. g4 d5 14. e5 Nd7 15. Nf3 Rc8 16. f5 Nc5 17. Nbd4
Qd7 18. h4 Qa4 19. a3 Nbxd3 20. cxd3 a5 21. g5 Ba6 22. f6 Bf8 23. h5 b5 24. g6
{Shirov,A (2730)-Manik,M (2426)/Ohrid MKD 2009/1-0 (33)}) 10. Qf3 ({RR} 10. c3
e5 11. h3 d5 12. g4 dxe4 13. Bxe4 Qc7 14. Qf3 Nxe4 15. Nxe4 exf4 16. Bxf4 Ne5
17. O-O-O Nxf3 18. Bxc7 f5 19. gxf5 Bxf5 20. Nd6+ Bxd6 21. Rxd6 O-O 22. Nd4
Nxd4 23. Rxd4 Rae8 24. h4 Rf7 {
Erben,L (1937)-Endress,A (2009)/Stuttgart 2007/EXT 2009/1/2-1/2 (76)}) 10...
O-O 11. O-O-O a5 ({RR} 11... b5 12. g4 Bb7 13. g5 Nd7 14. h4) ({RR} 11... Nb4
12. Kb1 Nxd3 13. cxd3 a5 ({RR} 13... b5 14. g4 e5 15. f5 Nd7 16. h4 f6 17. Rdg1
Kf7 18. g5 Rh8 19. Qg3 Bf8 20. h5 Ke8 21. Nf3 Qe7 22. Rc1 a5 23. Nxa5 Nc5 24.
Nc6 Qf7 25. Nb4 Ra4 26. Nd5) 14. g4 a4 ({RR} 14... e5 15. f5 a4 16. Nc1 a3 17.
b3) 15. Nd4 a3 16. b3 e5 17. Nf5 Bxf5 18. gxf5 Nd7 19. d4 exd4 20. Bxd4 Bf6 21.
Nc4) 12. Nc4 ({RR} 12. a3 a4 13. Nd4 Nxd4 14. Bxd4 e5 15. fxe5 dxe5 16. Bxe5
Bg4 17. Qg3 Bxd1 18. Rxd1 Qb6 19. Nc4 Qe6) ({RR} 12. Kb1 a4 13. Nc1 a3 14. b3
Nb4) ({RR} 12. Qg3 a4 13. Nd4 Nb4 14. Kb1 a3 15. b3 Nxd3 16. cxd3 e5 17. fxe5 (
{RR} 17. Nf5 Bxf5 18. exf5 Nd5) ({RR} 17. Ne2 Bg4) 17... Nh5 18. Qf3 dxe5 19.
Qxh5 exd4 20. Bf4 Be6) 12... a4 13. Bb6 ({RR} 13. Nbd2 Nb4 14. Kb1 Nxd3 15.
cxd3 d5 16. Nb6 Ra6 17. Nxc8 Qxc8 18. Rc1 Rc6) ({RR} 13. Nd4 a3 14. b3 ({RR} 
14. Nxa3 Nxd4 15. Bxd4 e5 16. fxe5 dxe5 17. Bxe5 Bg4 18. Qg3 Bxd1 19. Rxd1 Qc8)
14... Nb4 15. Kb1 d5) 13... Qe8 14. Nbd2 ({RR} 14. Nd4 a3 15. Nxa3 ({RR} 15. b3
e5 16. Nxc6 Qxc6 17. fxe5 dxe5 18. Qg3 Be6) 15... Nxd4 16. Bxd4 e5 17. fxe5
dxe5 18. Bb5 ({RR} 18. Bxe5 Bg4 19. Qg3 Bxd1 20. Rxd1 Nh5 21. Qg4 Bxa3 22. Qxh5
Ra5) 18... Rxa3 19. Qxa3 Bxa3 20. Bxe8 Bd6 21. Bxf7+ Kxf7 22. Bc3 Bc7) 14... d5
15. Ne5 a3 16. b3 Nb4 17. Kb1 dxe4 18. Nxe4 ({RR} 18. Bxe4 Nbd5 19. Bd4 Nxe4
20. Nxe4 f6 21. Nc4 Qc6) 18... Nfd5 19. Bd4 f6 20. Nc4 e5 21. Ned6 ({RR} 21.
fxe5 fxe5) ({RR} 21. Be3 f5 22. Ned6 e4 23. Nxe8 exf3) ({RR} 21. Ba1 Nxd3 22.
Ned6 Qc6 23. Rxd3 Nxf4 24. Qxc6 bxc6 25. Nxc8 Raxc8 26. Rd2 Nd5) 21... Bxd6 22.
Nxd6 Qc6 23. Nxc8 ({RR} 23. fxe5 fxe5 24. Bxh7+ ({RR} 24. Qe4 Nxd3 25. Rxd3
exd4) 24... Kxh7 25. Qxf8 Qxc2+ 26. Ka1 Qxa2#) ({RR} 23. Bc4 exd4 ({RR} 23...
Qxd6 24. Bc3) 24. Nxc8 Raxc8 25. Rxd4 Kh8 26. Rxd5 Nxd5 27. Qxd5 Qc7) ({RR} 23.
Ba1 Qxd6 ({RR} 23... Nxd3 24. Rxd3 Nxf4 25. Qxc6 bxc6 26. Rd2 Be6 27. g3 Nd5
28. c4 Ne3 29. Re1 Nf5 30. Nxf5 Bxf5+ 31. Kc1) 24. Be4 Be6 25. c4 exf4 26. cxd5
({RR} 26. Qh5 f5 27. cxd5 fxe4 28. dxe6 Qxe6 29. Qg5 Qg6 30. Qxg6 hxg6 31. Rd7
Rf7 32. Rd4 Nd3) 26... Bd7) 23... Raxc8 {Perez Candelario,M (2537)-Caruana,F
(2598)/Mérida 2008/CBM 124/[Caruana]/0-1 (34)}) 9... d5 10. Bb6 Qd7 11. exd5
Qxd5 12. O-O Ne5 13. Nxe5 Qxe5 14. a4 O-O 15. Re1 Qb8 16. Bd4 Bd7 17. Qf3 Rd8
18. Be5 Qc8 19. Qh3 Bc6 20. Nd4 h6 21. c3 Rd5 22. Bc4 Rc5 23. Ba2 Bd7 24. Qg3
Kh8 25. Bb1 Qg8 26. Bc2 Rac8 27. Rad1 Be8 28. Qh3 Rd8 29. b4 Rcd5 30. Bb3 R5d7
31. a5 Qh7 32. Qf3 Qg6 33. h3 Qg5 34. Bf4 Qh4 35. Re5 Nd5 36. Bg3 Qf6 37. Ba4
Qxf3 38. Nxf3 Ne3 39. Bxd7 Nxd1 40. Bxe8 Rxe8 41. b5 Nxc3 42. bxa6 bxa6 43. Re3
Rc8 44. Ne5 Kg8 45. Nd7 Nd5 46. Rb3 Rc1+ 47. Kh2 Ra1 48. Ne5 Bb4 49. Nc6 Bxa5
50. Rb8+ Kh7 51. Rb7 f6 52. Nxa5 Rxa5 53. Bd6 Ra2 54. Bf8 Rxf2 55. Rxg7+ Kh8
56. Kg3 Rc2 57. Ra7 h5 58. Rxa6 Kg8 59. Bh6 Kf7 60. Kf3 Rc3+ 61. Ke2 e5 62. Rd6
Ne7 63. Bd2 Rc4 64. Rb6 Nf5 65. Rb4 Nd4+ 66. Kd3 Rc8 67. Be3 Nf5 68. Bf2 Rg8
69. Rb7+ Ke6 70. Rb6+ Kd5 71. Rb5+ Ke6 72. Rb6+ Kf7 73. Rb7+ Kg6 74. Ke2 Ra8
75. Rb4 Ra3 76. Rc4 Ra2+ 77. Kf1 Ne7 78. Rc5 Kf5 79. Rb5 Rd2 80. Ke1 Rd3 81.
Ke2 Ra3 82. Be3 Ra2+ 83. Kf3 Rc2 84. g4+ Kg6 85. g5 Nf5 86. gxf6 Nxe3 87. Kxe3
Kxf6 88. Kf3 Kf5 89. Rb8 e4+ 90. Kg3 Rc3+ 91. Kh4 Rf3 92. Rb5+ Kf4 93. Rxh5 e3
94. Rh8 e2 95. Rf8+ Ke3 96. Re8+ Kf2 97. Rxe2+ Kxe2 98. Kg4 Kf2 99. h4 Rg3+
100. Kf4 Kg2 101. h5 Kh3 102. Kf5 Kh4 103. h6 Rg8 104. h7 Ra8 105. Kg6 1/2-1/2

[Event "?"]
[Site "Ciego de Avila"]
[Date "2010.01.13"]
[Round "2"]
[White "Corrales Jimenez, Fidel"]
[Black "Gomez Garrido, Camilo"]
[Result "0-1"]
[WhiteElo "2602"]
[BlackElo "2497"]
[PlyCount "40"]
[EventDate "2010.01.12"]
[EventCountry "CUB"]

1. d4 {Huebner,R} d5 2. c4 c6 3. Nc3 Nf6 4. Nf3 a6 5. e3 b5 6. c5 Nbd7 7. Bd3
e5 ({RR} 7... Qc7 8. O-O ({RR} 8. Bf5 g6 9. Bxd7+ Nxd7 10. Qb3 e5 11. Ng5 Bb7
12. a4 Be7 13. f4 exd4 14. exd4 O-O 15. O-O Bf6 16. Ne2 Rae8) 8... e5 9. dxe5
Nxe5 10. Nxe5 Qxe5 11. e4 Ng4 12. g3 Bxc5 13. exd5 cxd5) ({RR} 7... g6 8. O-O
Bg7 9. e4 dxe4 10. Nxe4 Nxe4 11. Bxe4 Qc7 12. g3 Nf6 13. Bf4 Qb7 14. Be5 O-O
15. Bxf6 exf6 16. Ne1 Be6 17. Nc2 f5 18. Bg2 Rfd8 19. Qd2 a5) 8. Nxe5 Nxe5 9.
dxe5 Ng4 ({RR} 9... Nd7 10. e6 Nxc5 11. exf7+ Kxf7 12. b3 Nxd3+ 13. Qxd3 Qg5
14. g3 Qf6 15. Bb2 Qf3 16. Rg1 Bg4 17. a3 Re8 18. Rc1 b4 19. axb4 Bxb4 20. h3
Bxh3 21. g4 Bxg4 22. Rg3 Qf5 23. Qd4 Re4 24. Qa7+ {
Anand,V (2788)-Aronian,L (2786)/Moscow RUS 2009/The Week in Chess 784/0-1}) 10.
b4 $146 ({RR} 10. f4 Bxc5 11. Qf3 Qb6 12. Ke2 ({RR} 12. Nd1 {RR} Nh6 13. O-O
O-O 14. Nf2 f6 15. exf6 Rxf6 16. Bd2 Bf5 17. b4 Bf8 18. Bc3 Re6 19. Bd4 Qb7 20.
Kh1 Qf7 21. Rad1 Bxd3 22. Nxd3 Nf5 23. Be5 Nd6 24. Nc5 Ree8 25. e4 dxe4 26.
Nxe4 Nxe4 27. Qxe4 {Kazhgaleyev,M (2626)-Gundavaa,B (2461)/Subic Bay PHI 2009/
The Week in Chess 759/1-0 (69)}) 12... Nh6 ({RR} 12... Nxe3 13. Bxe3 Bxe3 14.
Nxd5 ({RR} 14. Qxe3 Bg4+ 15. Kd2 d4 16. Qg3 dxc3+ 17. bxc3) 14... cxd5 15. Qxe3
) 13. h3 ({RR} 13. f5 Qc7 14. Qf4 f6 15. e6 Qxf4 16. exf4 g6) 13... a5 ({RR} 
13... O-O) ({RR} 13... Be7) ({RR} 13... Nf5 14. g4 ({RR} 14. Re1 h5 15. Kf1 Be6
16. a3 a5 17. Bxf5 Bxf5 18. e4 dxe4 19. Nxe4 O-O-O 20. Be3 Bxe4 21. Qxe4 Bxe3
22. Rxe3 Kb7 23. Rae1 Qd4 24. R1e2 Qxe4 25. Rxe4 Rd5 26. Kf2 Kc7 27. Kg3 Kd7
28. e6+ fxe6 {Bacrot,E (2705)-Karjakin,S (2732)/Baku 2008/CBM 124/1/2-1/2 (33)}
) 14... Ne7 15. Bd2 O-O 16. Kf2 f6 17. exf6 Rxf6 18. Ne2 b4 19. Kg2 Bb7 20. Ng3
Ng6 21. Bxg6 hxg6 22. e4 Bd4 23. Rae1 dxe4 24. Nxe4 c5 25. Kg3 Re6 26. Rh2 Kh8
27. Rhe2 Rae8 28. f5 {
Czakon,J (2510)-Hnydiuk,A (2387)/Karpacz 2008/CBM 126 Extra/0-1 (44)}) 14. Bd2
({RR} 14. e4 d4 15. Nd1) 14... Ba6 ({RR} 14... O-O) 15. Kf2 ({RR} 15. e4 d4 16.
Nd1 Be7) ({RR} 15. Rhc1 b4 ({RR} 15... Be7) 16. Na4 Bxd3+ 17. Ke1 Qb5 18. Rxc5
({RR} 18. Nxc5 Bc4) 18... Be4 ({RR} 18... Qa6 19. Rcc1 Qb5) 19. Qg3 Qd3 20.
Rcc1) 15... Be7 ({RR} 15... O-O) 16. Rhd1 ({RR} 16. f5) 16... O-O 17. Kg1 ({RR
} 17. f5 f6 ({RR} 17... Rfe8 18. Qg3 ({RR} 18. f6 Bf8 19. Qg3 g6 ({RR} 19...
Qc7)) 18... Bf8) ({RR} 17... Qc7 18. f6 b4 19. fxe7 Qxe7 20. Bc2 bxc3 21. Bxc3)
18. e6) ({RR} 17. g4 f5 ({RR} 17... f6 18. e6) 18. gxf5 Nxf5 19. Nxd5 cxd5 20.
Bxf5 Rxf5 21. Qxd5+ Kh8 22. Qxa8+ Rf8 23. Qf3 b4 ({RR} 23... Bh4+ 24. Kg1 Bb7
25. Qg4 g5 26. f5 Qc6 27. Kh2 b4) ({RR} 23... Bb7 24. Qg4 ({RR} 24. Qg3 b4 ({RR
} 24... Qh6) 25. Rac1 g5) 24... b4 ({RR} 24... g5 25. f5 ({RR} 25. Ke2 b4)
25... Bc8 26. e6 Bxe6 27. Bc3+ Kg8 28. Bd4 Bxf5 29. Qxg5+ Bxg5 30. Bxb6)) 24.
Kg1 Bb7) 17... f6 18. exf6 ({RR} 18. e6 f5) 18... Bxf6 19. Kh2 ({RR} 19. Kh1)
19... b4 ({RR} 19... Qb7 20. e4 b4 21. Na4 Bxd3 22. Qxd3 dxe4 23. Qxe4 Qb5 24.
Qc2 Nf5) ({RR} 19... Rad8 20. e4 d4 21. Ne2 c5 22. e5 Be7) 20. Na4 Qa7 ({RR} 
20... Qb8 21. Bxa6 ({RR} 21. Nc5 Bxd3 22. Nxd3 Re8) 21... Rxa6 22. e4) 21. e4
Bb5 ({RR} 21... Rad8) ({RR} 21... Bxd3 22. Qxd3 dxe4 23. Qxe4 Kh8 ({RR} 23...
Qc7) ({RR} 23... Rad8) 24. Qxc6 Qf2) ({RR} 21... Rae8 22. Be3 ({RR} 22. exd5
Bb5 23. Bc2 Be2 24. Qb3 c5 25. Bd3 Bxd1 26. Rxd1 Bd4) ({RR} 22. Bxa6 Qxa6 23.
exd5 Qb5 24. Qb3 Qxd5 25. Nb6 Qxb3 26. axb3 Bxb2 27. Rxa5 Rd8 28. Nc4 Bc3)
22... d4 23. Bxa6 dxe3 24. Bc4+ Kh8) 22. Bxb5 ({RR} 22. Bc2 Rae8) 22... cxb5
23. e5 Rad8 ({RR} 23... bxa4 24. exf6 ({RR} 24. Qxd5+ Qf7 25. Qxf7+ Rxf7 26.
exf6 Rxf6) 24... Rxf6 25. Qxd5+ Nf7 26. Be3 Qa6) ({RR} 23... Bxe5 24. Qxd5+ Qf7
25. Qxf7+ Nxf7 26. Nb6 ({RR} 26. fxe5 bxa4) 26... Bxb2 27. Rab1 Rad8 ({RR} 
27... Ra6 28. Nd7 Rd8 29. Nc5 ({RR} 29. Bxb4 axb4 30. Rxb2) 29... Rc6 30. Nb7
Rd7 31. Nxa5 Rc2 32. Bxb4 Rxd1 33. Rxd1 Bc1 34. Kg3 Ba3 35. Rd2) 28. Rxb2 Rd6
29. Bxb4 axb4 30. Rxd6 Nxd6 31. Rxb4) 24. exf6 Rxf6 {
Gelfand,B (2724)-Sokolov,I (2691)/Merida 2005/CBM 109/[Huebner,R]/1-0 (31)} ({
RR} 24... bxa4 25. fxg7 Kxg7) {RR} 25. Bxb4 ({RR} 25. f5 bxa4 26. Bxh6 Rxh6 27.
Rxd5) ({RR} 25. Be3 d4) 25... axb4 26. Rxd5 Rdf8 27. Nc5 Rxf4 28. Qb3 Kh8 ({RR
} 28... Rc4 29. Ne6 Qb8+ 30. Kh1 Re8 31. Nd4) 29. Re1) 10... Nxe5 11. Bb2 Qg5
12. Kf1 Nxd3 13. Qxd3 Be7 14. e4 Qg6 15. Re1 O-O 16. Re3 dxe4 17. Nxe4 Be6 18.
Kg1 Rfd8 19. Qc2 Bh3 20. f4 Rd1+ 0-1

[Event "?"]
[Site "Ciego de Avila"]
[Date "2010.01.13"]
[Round "2"]
[White "Nogueiras Santiago, Jesus"]
[Black "Jimenez Fraga, Pedro Alejandro"]
[Result "1/2-1/2"]
[WhiteElo "2570"]
[BlackElo "2453"]
[PlyCount "66"]
[EventDate "2010.01.12"]
[EventCountry "CUB"]

1. d4 Nf6 2. Nf3 g6 3. Bf4 Bg7 4. e3 O-O 5. c3 d6 6. Nbd2 Nbd7 7. Bc4 Qe8 8.
O-O e5 9. Bg5 a6 10. a4 b6 11. Ne1 Bb7 12. f4 Nd5 13. Nc2 exd4 14. exd4 Ne3 15.
Nxe3 Qxe3+ 16. Rf2 h6 17. Bh4 Nf6 18. Bxf6 Bxf6 19. Qg4 d5 20. Bb3 c5 21. Nf3
h5 22. Qd7 Qe7 23. Qxe7 Bxe7 24. Ne5 Rad8 25. f5 Kg7 26. fxg6 fxg6 27. Rxf8
Rxf8 28. Re1 Bf6 29. Nd7 Rd8 30. Nxf6 Kxf6 31. Rf1+ Ke7 32. Re1+ Kf6 33. Rf1+
Ke7 1/2-1/2

[Event "?"]
[Site "Ciego de Avila"]
[Date "2010.01.13"]
[Round "2"]
[White "Ortiz Suarez, Isan Reynaldo"]
[Black "Vera Gonzalez, Quevedo Reynaldo"]
[Result "1-0"]
[WhiteElo "2523"]
[BlackElo "2499"]
[PlyCount "53"]
[EventDate "2010.01.12"]
[EventCountry "CUB"]

1. e4 c5 2. Nf3 d6 3. d4 cxd4 4. Nxd4 Nf6 5. Nc3 Nc6 6. Bg5 e6 7. Qd2 Be7 8.
O-O-O Nxd4 9. Qxd4 a6 10. f4 b5 11. Bxf6 gxf6 12. Be2 Qa5 13. e5 dxe5 ({RR} 
13... fxe5 14. fxe5 d5 15. Bh5 Rf8 16. Nxd5 exd5 17. Qxd5 Ra7 18. Qc6+ Bd7 19.
Rxd7 Rxd7 20. e6 Qc7 21. exd7+ Qxd7 22. Qxa6 {
1-0 Svidler,P (2713)-Kramnik,V (2751)/Internet ICC 1999/EXT 2005}) 14. fxe5 f5
15. Bf3 Rb8 16. Kb1 $146 ({RR} 16. g4 b4 17. gxf5 bxc3 18. Bc6+ Bd7 19. Qxd7+
Kf8 20. f6 Ba3 21. Ba4 Bxb2+ 22. Kb1 Ba3+ 23. Bb3 Rg8 24. Qa7 Rd8 25. Rd7 Rxd7
26. Qxd7 Qb5 27. Qd8+ {
1-0 Borge,N (2390)-Pedersen,S (2415)/Denmark 1999/EXT 2000}) 16... b4 17. Ne2
Qc5 18. Qf4 h6 19. Nd4 Rb6 20. h4 a5 21. g4 fxg4 22. Bxg4 Ba6 23. Bh5 Rf8 24.
Rhg1 Qc7 25. Rg7 Bc5 26. Nb3 Rb7 27. Qf6 1-0

[Event "?"]
[Site "Ciego de Avila"]
[Date "2010.01.13"]
[Round "2"]
[White "Arencibia Rodriguez, Walter"]
[Black "Gonzalez Vidal, Yuri"]
[Result "1-0"]
[WhiteElo "2499"]
[BlackElo "2523"]
[PlyCount "77"]
[EventDate "2010.01.12"]
[EventCountry "CUB"]

1. d4 Nf6 2. c4 e6 3. Nf3 c5 4. d5 exd5 5. cxd5 d6 6. Nc3 g6 7. Nd2 Bg7 8. e4
O-O 9. Be2 Na6 10. O-O Nc7 11. a4 Nfe8 12. Nc4 f5 13. f3 f4 14. Bd2 Bd4+ 15.
Kh1 Ng7 16. Bd3 Nh5 17. Ne2 Bg7 18. Qc1 $146 ({RR} 18. Rb1 Na6 19. Qe1 b6 20.
g4 fxg3 21. hxg3 g5 22. Kg2 h6 23. f4 Qd7 24. f5 Nf6 25. b3 Bb7 26. Qd1 Rae8
27. Qc2 Nc7 28. Nc3 Ba6 29. Rbe1 Ng4 30. Be2 Bxc4 31. bxc4 Ne5 32. Rh1 Re7 {
Dobai,S (2173)-Leviczki,T (2274)/Hungary 2004/EXT 2008/1/2-1/2 (57)}) 18... g5
19. Kg1 Na6 20. Bc3 Nb4 21. Qd2 b6 22. Bxb4 cxb4 23. Qxb4 Ba6 24. Ne5 Bxe5 25.
Bxa6 Qf6 26. Rad1 g4 27. fxg4 f3 28. gxf3 Qh4 29. Rf2 Nf4 30. Nxf4 Rxf4 31. Qd2
Raf8 32. Rdf1 Kh8 33. Kh1 Qf6 34. b3 Bd4 35. Rg2 Rxe4 36. g5 Qf7 37. g6 Qf4 38.
Qd1 Re3 39. Rg4 1-0

[Event "?"]
[Site "Ciego de Avila"]
[Date "2010.01.13"]
[Round "2"]
[White "Martinez Duany, Lelys Stanley"]
[Black "Hernandez Carmenates, Holden"]
[Result "1-0"]
[WhiteElo "2506"]
[BlackElo "2567"]
[PlyCount "89"]
[EventDate "2010.01.12"]
[EventCountry "CUB"]

1. e4 e5 2. Nf3 Nc6 3. Bb5 Nf6 4. O-O Nxe4 5. d4 Nd6 6. Bxc6 dxc6 7. dxe5 Nf5
8. Qxd8+ Kxd8 9. Nc3 Ke8 10. h3 h5 11. Bg5 ({RR} 11. Ne2 Be7 12. Bg5 Be6 13.
Nf4 Bd5 14. Bxe7 Kxe7 15. Ng5 Nd4 16. Rad1 Ne6 17. Ngxe6 Bxe6 18. h4 a5 19. a3
a4 20. Rfe1 g6 21. f3 Ra5 22. c3 Rb5 23. Re2 Ra8 24. Rd4 Raa5 25. Kf2 Rxe5 {
Carlsen,M (2772)-Jakovenko,D (2760)/Dortmund GER 2009/The Week in Chess 765/
1-0 (49)}) 11... Be7 12. Rad1 b6 $146 ({RR} 12... Be6 13. Rd2 Rd8 14. Rxd8+
Kxd8 15. Rd1+ Ke8 16. Bxe7 ({RR} 16. g3 a6 ({RR} 16... f6 17. Bf4 {
1/2-1/2 Inarkiev,E (2675)-Bologan,V (2686)/Poikovsky 2008/CBM 125}) 17. Kg2 b6
18. b3 f6 19. exf6 gxf6 20. Bf4 Bd6 21. Nd4 Nxd4 22. Rxd4 Ke7 23. Ne2 a5 24.
Bxd6+ cxd6 25. Rh4 Bf7 26. Nf4 a4 27. g4 Rg8 28. Kf3 hxg4+ 29. Rxg4 Rg5 30. Ke3
a3 {Ter Sahakyan,S (2480)-Li Chao2 (2634)/Martuni ARM 2009/The Week in Chess
766/1/2-1/2 (69)}) 16... Kxe7 17. Ng5 h4 18. Ne2 g6 19. Nf4 Ng7 20. Kf1 Bf5 21.
Rd2 Ne6 22. Nfxe6 Bxe6 23. b3 a5 24. Ke2 Bd5 25. Ke3 b5 26. f3 f6 27. exf6+ {
Gufeld,E (2485)-Gorbatov,A (2375)/Moscow 1992/EXT 1997/1/2-1/2 (40)}) 13. Rd2
Be6 14. Rfd1 f6 15. Bf4 Bb4 16. exf6 gxf6 17. Re2 Kf7 18. Ne4 Bc4 19. Rd7+ Kg6
20. Re3 h4 21. Rxc7 Nxe3 22. fxe3 Bd5 23. Nf2 Bxf3 24. gxf3 Rhc8 25. Rb7 Rd8
26. Nd3 Bd6 27. Kf2 c5 28. b3 Bf8 29. e4 Rac8 30. Nb2 Bh6 31. Bxh6 Kxh6 32. Nc4
Rb8 33. Rc7 Kg6 34. f4 Rg8 35. Ne3 Rbc8 36. Rxa7 Ra8 37. Rb7 Rab8 38. Rc7 Rbc8
39. Re7 Rge8 40. Nf5 Ra8 41. Nxh4+ Kh6 42. Nf5+ Kg6 43. Rg7+ Kh5 44. Rb7 Kg6
45. Kf3 1-0

[Event "?"]
[Site "Ciego de Avila"]
[Date "2010.01.13"]
[Round "2"]
[White "Bacallao Alonso, Yusnel"]
[Black "De la Paz Perdomo, Frank"]
[Result "1/2-1/2"]
[WhiteElo "2506"]
[BlackElo "2488"]
[PlyCount "78"]
[EventDate "2010.01.12"]
[EventCountry "CUB"]

1. e4 {Rowson} e5 2. Nf3 Nc6 3. Bb5 Bc5 4. O-O d6 5. c3 Bd7 6. d4 Bb6 7. dxe5
dxe5 8. Na3 $146 ({RR} 8. Bxc6 Bxc6 9. Nxe5 Qxd1 10. Rxd1 Bxe4 11. Re1 f5 ({RR
} 11... O-O-O 12. Nxf7 Rf8 13. Rxe4 Rxf7 14. Re8+ Kd7 15. Re2 Nf6 16. Be3 Re8
17. Na3 Bxe3 18. Rd1+ Kc8 19. Rxe3 Rxe3 20. fxe3 Ng4 21. Rd3 Re7 22. Nc2 {
1/2-1/2 Groszpeter,A (2505)-Rabiega,R (2520)/Austria 1999/EXT 2000}) 12. Nd2 ({
RR} 12. Bg5 Nf6 13. Nd2 O-O 14. Bxf6 Rxf6 15. Nd7 Rd6 16. Nxb6 axb6 17. Nxe4
fxe4 18. Kf1 Rd2 19. Re2 Rad8 20. Ke1 e3 21. fxe3 R2d3 22. Kf2 Kf7 23. Rf1 Ke6
24. Kg3 Rd2 25. Rxd2 Rxd2 26. Rf2 Rd3 {
Groszpeter,A (2375)-Tompa,J (2420)/Kecskemet 1979/EXT 1999/1-0 (41)}) 12... Nf6
13. Nxe4 ({RR} 13. Ndc4 O-O 14. Nxb6 axb6 15. f3 Bd5 16. c4 Be6 17. a3 Nd7 18.
Nxd7 Bxd7 19. Bf4 Rac8 20. Rad1 Rfe8 21. Rxe8+ Bxe8 22. Rd5 g6 23. Re5 Bf7 24.
Re7 Kf8 25. Rxc7 Rxc7 26. Bxc7 Bxc4 27. Bxb6 Kf7 {Arencibia Rodriguez,W (2562)
-Perez Garcia,R (2427)/Merida 2007/CBM 121 Extra/1/2-1/2 (43)}) 13... Nxe4 14.
Be3 Bxe3 15. Rxe3 O-O 16. Rd1 Rfe8 17. Nf3 Nd6 18. Rxe8+ Rxe8 19. Kf1 Kf7 20.
Re1 Ne4 21. Re2 Rd8 22. Ke1 Kf6 {
McShane,L (2438)-Plaskett,J (2516)/Southend 2000/CBM 076/[Rowson]/1/2-1/2 (91)}
) ({RR} 8. Bg5 Nf6 9. Qe2 Qe7 10. Nbd2 Nb8 11. Bd3 Bg4 12. Nc4 Nbd7 13. a4 h6
14. Bh4 c6 15. a5 Bc7 16. Ne3 g5 17. Nxg4 Nxg4 18. Bg3 Nf8 19. Nd2 h5 20. f3
Nf6 21. Nc4 h4 22. Bf2 Ne6 {
Makoli,P (2204)-Dogantug,I (2175)/Izmir 2004/CBM 102 ext/1-0 (34)}) 8... Nge7
9. Nc4 f6 10. a4 Nc8 11. Nh4 N6e7 12. Qh5+ g6 13. Qh6 Bxb5 14. axb5 Kf7 15.
Nxb6 Nxb6 16. Qe3 g5 17. Nf5 Nxf5 18. exf5 h5 19. c4 Qd4 20. Qxd4 exd4 21. c5
Nd7 22. Ra4 d3 23. f4 Rhe8 24. fxg5 fxg5 25. Rd4 Nxc5 26. Bxg5 Re4 27. Rd5 b6
28. Bd2 Rae8 29. b4 Nb3 30. Bg5 Rd4 31. Rxd4 Nxd4 32. Rd1 Nxf5 33. Rxd3 Nd6 34.
Bf4 Nxb5 35. Rd5 Re4 36. Bd2 Rd4 37. Rxb5 Rxd2 38. Rxh5 Kg6 39. Rh4 Rc2 1/2-1/2